书目信息 |
| 题名: |
鲁迅日记
|
|
| 作者: | 鲁迅 著 | |
| 分册: | 上卷 | |
| 出版信息: | 北京 人民文学出版社 1976.7 |
|
| 页数: | 585 | |
| 开本: | 21cm | |
| 丛书名: | ||
| 单 册: | ||
| 中图分类: | I210.7 | |
| 科图分类: | ||
| 主题词: | ||
| 电子资源: | ||
| ISBN: | ||
| 000 | 00424nam0 2200169 45 | |
| 001 | 0181013684 | |
| 005 | 20060921111348.32 | |
| 010 | @b精装@dCNY3.90 | |
| 100 | @a20810111d km y0chiy0120 ea | |
| 101 | 0 | @achi |
| 200 | 1 | @Aluxunriji@a鲁迅日记@f鲁迅著@h上卷 |
| 210 | @a北京@c人民文学出版社@d1976.7 | |
| 215 | @a585@c无图表@d21cm | |
| 690 | @aI210.7 | |
| 701 | 0 | @a鲁迅@4著 |
| 801 | @aCN@bTSTC@c20060921 | |
| 905 | @dI210.7@e149:1 | |
| 鲁迅日记/鲁迅著.上卷.-北京:人民文学出版社,1976.7 |
| 585:无图表;21cm |
| ISBN (精装):CNY3.90 |
| ● |
| 相关链接 |
|
|
|
|
正题名:鲁迅日记
索取号:I210.7/149:1
 
预约/预借
| 序号 | 登录号 | 条形码 | 馆藏地/架位号 | 状态 | 备注 |
| 1 | 0422152 | 204221528 | 密集书库/ [索取号:I210.7/149:1] | 在馆 | |
| 2 | 0428098 | 204280982 | 密集书库/ [索取号:I210.7/149:1] | 在馆 |